Sports Quiz

Random Sports Quiz

Cleveland Browns sacks Quiz Stats

 Plays Quiz not verified by Sporcle

Support Sporcle.
Go Orange.
Score 0/66 Timer 10:00
0 Plays Today
Year(s) Player % Correct
2000-2004Courtney Brown
86.3%
2006-2009Kamerion Wimbley
83%
2006-2009D'Qwell Jackson
75.9%
2001-2004Gerard Warren
75%
2008-2009Shaun Rogers
65.1%
1999-2004Tyrone Rogers
64.2%
1999-2001Jamir Miller
60.4%
2005-2008Sean Jones
60.4%
1999-2000Arnold Miller
59%
1999-2002Lenoy Jones
59%
2002-2008Andra Davis
59%
2007-2009Robaire Smith
57.5%
2007-2008Shaun Smith
57.5%
1999-2001Marquis Smith
57.1%
2001-2002Mark Smith
57.1%
2008-2009Corey Williams
47.2%
2006-2008Leon Williams
46.7%
2000-2007Orpheus Roye
46.2%
2007-2009Eric Wright
41.5%
2005-2009Brodney Pool
40.6%
1999-2005Daylon McCutcheon
36.8%
2002-2005Kenard Lang
34.4%
1999-2000Mike Thompson
29.7%
2003-2007Chaun Thompson
29.7%
2006-2008Willie McGinest
28.3%
2001-2002Dwayne Rudd
26.4%
2007-2009Brandon McDonald
25.5%
2008-2009Alex Hall
21.2%
1999-2001Wali Rainer
19.8%
1999-2004Earl Little
19.8%
2002-2004Robert Griffith
18.9%
2004Ebenezer Ekuban
18.4%
2007-2009Mike Adams
18.4%
Year(s) Player % Correct
2002-2003Mark Word
17.5%
2009David Bowens
16%
2008Santonio Thomas
15.6%
1999Jerry Ball
14.2%
2009Abram Elam
14.2%
1999-2000Rahim Abdullah
13.2%
2001-2006Alvin McKinley
12.7%
2009Kenyon Coleman
11.3%
2005-2006Matt Stewart
10.8%
2003-2005Chris Crocker
10.4%
2001-2003Brant Boyer
9.9%
1999John Thierry
9%
2000-2004Lewis Sanders
9%
2009Jason Trusnik
9%
2000-2001Keith McKenzie
8.5%
2003-2004Michael Myers
8.5%
2000-2001Percy Ellsworth
8%
1999Derrick L. Alexander
6.6%
2005-2007Simon Fraser
6.6%
1999-2001Stalin Colinet
6.1%
2004-2006Nick Eason
4.2%
2007-2009Nick Sorensen
4.2%
2001Greg Spires
3.3%
2004Warrick Holdman
3.3%
2007Antwan Peek
3.3%
1999Roy Barker
2.8%
2000Marty Moore
2.8%
1999-2000Marcus Spriggs
2.4%
2005-2007Ethan Kelley
2.4%
1999-2000Darius Holland
1.9%
1999Ryan McNeil
1.9%
2002-2004Michael Jameson
1.4%
1999Hurvin McCormack
0.9%

You're not logged in!

Compare scores with friends on all Sporcle quizzes.
OR
Log In

From the Vault

NHL: Anything But Canada

by christopherjulia

Probably the only NHL quiz where Canadian answers are bad.
Remove Ads.
Support Sporcle.
Get the best of Sporcle when you Go Orange. This ad-free experience offers more features, more stats, and more fun while also helping to support Sporcle. Thank you for becoming a member.

Show Comments

Extras

Top Quizzes Today


Score Distribution

Your Account Isn't Verified!

In order to create a playlist on Sporcle, you need to verify the email address you used during registration. Go to your Sporcle Settings to finish the process.

Report this User

Report this user for behavior that violates our Community Guidelines.

Details: